| 000 | 00805cab a2200229 4500 | ||
|---|---|---|---|
| 001 | WB3313-18 | ||
| 008 | 090401t1997 xxu||||| |||| 00| 0 eng d | ||
| 035 | _a(Sirsi) u77467 | ||
| 041 | _aeng | ||
| 245 | _aSell your house the DIY way | ||
| 260 | _c1997 | ||
| 350 | _a0 | ||
| 490 |
_aFinancial Times _v26 March 1997, 16(1) |
||
| 520 | _aSelling your house without using an estate agent is becoming an attractive option, especially for those living in London and the South-East where demand for property is strong. Gives advice on how to go about selling your own home. | ||
| 650 | _aDIY | ||
| 650 | _aESTATE AGENTS | ||
| 650 | _aPROPERTY-RESIDENTIAL PROPERTY-ACQUISITION AND DISPOSAL OF RESIDENTIAL PROPERTY | ||
| 650 | _aINTERNET | ||
| 690 | _aHOUSING | ||
| 942 | _n0 | ||
| 948 | _c27/03/1997 | ||
| 999 |
_c48707 _d48707 |
||